| 000 | 00572 a2200169 4500 | ||
|---|---|---|---|
| 999 |
_c434 _d434 |
||
| 020 | _a0155055321 | ||
| 050 | _aBL2525 MAR 2001 | ||
| 100 |
_aMarsden, George M. _eauthor |
||
| 245 |
_aReligion and American culture / _cGeorge M. Marsden |
||
| 264 |
_aBelmont, CA : _bWadsworth / Thomson Learning, _cc2001 |
||
| 300 |
_axiii, 337p. : _bill. |
||
| 500 | _aIncludes bibliographical references and index | ||
| 650 |
_aReligion and culture _xUnited States |
||
| 650 |
_aUnited States _xReligion |
||
| 650 |
_aUnited States _xChurch history |
||
| 942 |
_2lcc _cBK _e2nd ed. _h2525 _iMAR _kBL |
||